| 000 | 00575nam a2200205Ia 4500 | ||
|---|---|---|---|
| 005 | 20250508164436.0 | ||
| 008 | 008 250505s9999 xx 000 0 eng d | ||
| 037 | _aReference | ||
| 040 |
_aFEDL _beng _cFEDL |
||
| 041 |
_aeng _2eng |
||
| 084 |
_a001.42, MSU _qFEDL |
||
| 245 | 0 | _aResearch in education | |
| 245 | 0 | _cM S University. Baroda | |
| 260 |
_aVadodara, India _bThe Maharaja Sayajirao University of Baroda _c2008 |
||
| 300 | _a275p | ||
| 365 | _aGifted | ||
| 650 | _aResearch method | ||
| 942 |
_cREF _h001.42, MSU |
||
| 999 |
_c1389157 _d1389157 |
||